Biostatistics (Record no. 22644)

MARC details
000 -LEADER
fixed length control field 00333nam a2200133Ia 4500
082 ## - DEWEY DECIMAL CLASSIFICATION NUMBER
Classification number 058.087
Item number LEW
100 ## - MAIN ENTRY--AUTHOR NAME
Personal name LEWIS, Alvin E
245 #0 - TITLE STATEMENT
Title Biostatistics
260 ## - PUBLICATION, DISTRIBUTION, ETC. (IMPRINT)
Place of publication New Delhi
Name of publisher Affiliated East West
Year of publication 1971
650 ## - SUBJECT ADDED ENTRY--TOPICAL TERM
Topical Term Biostatistics
650 ## - SUBJECT ADDED ENTRY--TOPICAL TERM
Topical Term Random sampling
942 ## - ADDED ENTRY ELEMENTS (KOHA)
Koha item type Books
Holdings
Withdrawn status Lost status Damaged status Not for loan Home library Current library Date acquired Full call number Accession Number Koha item type
        RRII Library RRII Library 16/12/2021 058.087 LEW 03364 Books